<?xml version="1.0" encoding="UTF-8"?>
<record
    xmlns:xsi="http://www.w3.org/2001/XMLSchema-instance"
    xsi:schemaLocation="http://www.loc.gov/MARC21/slim http://www.loc.gov/standards/marcxml/schema/MARC21slim.xsd"
    xmlns="http://www.loc.gov/MARC21/slim">

  <leader>04692nab a2200349 i 4500</leader>
  <controlfield tag="003">BR-BrBNA</controlfield>
  <controlfield tag="005">20250310131315.0</controlfield>
  <controlfield tag="008">250310b2021    bl.qr|pooa||| 00| 0 por |</controlfield>
  <datafield tag="040" ind1=" " ind2=" ">
    <subfield code="a">BR-BrBNA</subfield>
    <subfield code="b">por</subfield>
  </datafield>
  <datafield tag="072" ind1=" " ind2=" ">
    <subfield code="a">F40</subfield>
  </datafield>
  <datafield tag="072" ind1=" " ind2=" ">
    <subfield code="a">P40</subfield>
  </datafield>
  <datafield tag="072" ind1=" " ind2=" ">
    <subfield code="a">P01</subfield>
  </datafield>
  <datafield tag="100" ind1=" " ind2=" ">
    <subfield code="a">Ferreira, Tiago de Souza</subfield>
  </datafield>
  <datafield tag="100" ind1=" " ind2=" ">
    <subfield code="a">Tres, Andressa </subfield>
  </datafield>
  <datafield tag="100" ind1=" " ind2=" ">
    <subfield code="a">Kovalsyki, Bruna </subfield>
  </datafield>
  <datafield tag="100" ind1=" " ind2=" ">
    <subfield code="a">Santos, Jo&#xE3;o Francisco Labres dos </subfield>
  </datafield>
  <datafield tag="100" ind1=" " ind2=" ">
    <subfield code="a">Tetto, Alexandre Fran&#xE7;a </subfield>
  </datafield>
  <datafield tag="100" ind1=" " ind2=" ">
    <subfield code="a">Soares, Ronaldo Viana </subfield>
  </datafield>
  <datafield tag="100" ind1=" " ind2=" ">
    <subfield code="a">Wendling, Willian Thomaz </subfield>
  </datafield>
  <datafield tag="100" ind1=" " ind2=" ">
    <subfield code="a">Batista, Ant&#xF4;nio Carlos </subfield>
  </datafield>
  <datafield tag="245" ind1=" " ind2=" ">
    <subfield code="a">As zonas de vida baseadas em condi&#xE7;&#xF5;es bioclim&#xE1;ticas no estado do Cear&#xE1;, Brasil</subfield>
  </datafield>
  <datafield tag="500" ind1=" " ind2=" ">
    <subfield code="a">Publica&#xE7;&#xE3;o on-line; 17 ref.; 1 table; 5 illus.; Summaries (En, Pt)</subfield>
  </datafield>
  <datafield tag="520" ind1=" " ind2=" ">
    <subfield code="a">

RESUMO

A defini&#xE7;&#xE3;o das zonas de vida de Holdridge &#xE9; uma ferramenta &#xFA;til para o planejamento da gest&#xE3;o
territorial dos recursos naturais, bem como para subsidiar a elabora&#xE7;&#xE3;o de estrat&#xE9;gias e pol&#xED;ticas
p&#xFA;blicas que resultem na defini&#xE7;&#xE3;o de &#xE1;reas priorit&#xE1;rias para conserva&#xE7;&#xE3;o e uso sustent&#xE1;vel das
florestas. Desse modo, o presente estudo teve por objetivo identificar e descrever as zonas de vida que
ocorrem no estado do Cear&#xE1; com base no modelo de Holdridge. Para esse prop&#xF3;sito, foram utilizados
dados de precipita&#xE7;&#xE3;o anual, biotemperatura e rela&#xE7;&#xE3;o de evapotranspira&#xE7;&#xE3;o potencial. Os resultados
indicaram que, embora o estado do Cear&#xE1; esteja majoritariamente sob a influ&#xEA;ncia de um macroclima
semi&#xE1;rido, apresenta um espa&#xE7;o geogr&#xE1;fico heterog&#xEA;neo, no qual ocorrem diferentes zonas de vida
associadas &#xE0; diversidade bioclim&#xE1;tica. A vari&#xE1;vel bioclim&#xE1;tica mais importante para a classifica&#xE7;&#xE3;o das
zonas de vida foi a rela&#xE7;&#xE3;o de evapotranspira&#xE7;&#xE3;o potencial, que representa a quantidade de &#xE1;gua que &#xE9;
transferida para a atmosfera em rela&#xE7;&#xE3;o a quantidade de &#xE1;gua que &#xE9; precipitada em determinado local.
A classifica&#xE7;&#xE3;o clim&#xE1;tica de Holdridge identificou oito zonas de vida em que todas pertencem &#xE0; faixa
latitudinal tropical e abrangem faixas altitudinais basais (90,04% do territ&#xF3;rio cearense) e premontanas
(9,96%), que variam em termos de umidade, desde florestas muito secas at&#xE9; florestas &#xFA;midas. A zona de
vida mais extensa compreende as &#xE1;reas de transi&#xE7;&#xE3;o entre floresta muito seca e floresta seca tropical
basal, ocupando 64.825,69 km2, que recobre 43,54% da &#xE1;rea total do estado.

Palavras-chave: Holdridge; Classifica&#xE7;&#xE3;o; Clima; Vegeta&#xE7;&#xE3;o



ABSTRACT

The Holdridge life zone approach is a useful tool for planning the territorial management of natural
resources as well as for supporting the development of strategies and public policies that result in
the definition of priority areas for conservation and sustainable use of forests. Thus, in the present
study, we aimed to identify and describe the life zones that occur in the state of Cear&#xE1; based on the
Holdridge model. For this purpose, we used data on annual precipitation, biotemperature and potential
evapotranspiration ratio. The results indicated that, although the state of Cear&#xE1; is mostly under the
influence of a semi-arid macroclimate, it presents a heterogeneous geographic space, in which different
life zones associated with bioclimatic diversity occur. The most important bioclimatic variable for the
classification of life zones was the potential evapotranspiration ratio, which represents the amount
of water that is transferred to the atmosphere in relation to the amount of water that is precipitated
in a given location. The Holdridge climatic classification identified eight life zones, all located in the
tropical latitudinal zone and basal (90.04% of the Cear&#xE1; territory) and premontane (9.96%) altitudinal
zones, which vary, in terms of humidity, from very dry forests to humid forests. The most extensive life
zone comprises the transition areas between very dry forest and basal tropical dry forest, occupying
64,825.69 km2, which covers 43.54% of the Cear&#xE1; territory.

Keywords: Holdridge; Classification; Climate; Vegetation
</subfield>
  </datafield>
  <datafield tag="650" ind1=" " ind2=" ">
    <subfield code="a">ECOLOGIA</subfield>
  </datafield>
  <datafield tag="650" ind1=" " ind2=" ">
    <subfield code="a">CLIMA</subfield>
  </datafield>
  <datafield tag="650" ind1=" " ind2=" ">
    <subfield code="a">VEGETA&#xC7;&#xC3;O</subfield>
  </datafield>
  <datafield tag="650" ind1=" " ind2=" ">
    <subfield code="a">BIOCLIMATOLOGIA</subfield>
  </datafield>
  <datafield tag="773" ind1="0" ind2=" ">
    <subfield code="0">4065</subfield>
    <subfield code="9">348518</subfield>
    <subfield code="d">Santa Maria-RS Universidade Federal de Santa Maria - Centro de Pesquisas Florestais.Departamento de Ci&#xEA;ncias Florestais. Programa de P&#xF3;s-Gradua&#xE7;&#xE3;o em Engenharia Florestal 1991</subfield>
    <subfield code="o">2025-1011</subfield>
    <subfield code="t">Ci&#xEA;ncia Florestal (Brazil)</subfield>
    <subfield code="x">0103-9954; 1980-5098 (on-line)</subfield>
    <subfield code="g">v. 31(3) p. 1240-1257; (Jul-Sep 2021)</subfield>
    <subfield code="w">BR2023001885</subfield>
  </datafield>
  <datafield tag="856" ind1=" " ind2=" ">
    <subfield code="u">https://www.scielo.br/j/cflo/a/fnTJt8QLDxCS95hjVrJm7nb/?format=pdf&amp;lang=pt</subfield>
  </datafield>
  <datafield tag="942" ind1=" " ind2=" ">
    <subfield code="c">ANA</subfield>
  </datafield>
  <datafield tag="999" ind1=" " ind2=" ">
    <subfield code="c">330295</subfield>
    <subfield code="d">330295</subfield>
  </datafield>
</record>
